000 006402261a2200181 4500
005 20140412111241.0
008 140211s1982 xx 000 0 und d
020 _a0-15-646511-6
050 _aM 843.912
_bS137 1982
100 _aSaint-Exupery, Antoine de, 1900-1944
245 _aThe little prince /
_cby Antoine de Saint-Exupery.
260 _aOrlando, Florida :
_bHarcourt Brace & Company,
_c1982.
300 _a97 p. ; ill.
500 _aReprint originally published: New York, Harcourt, Brace & World, 1943. Translation of: Le petit prince.
650 _aChildren stories
_xFiction
650 _aPrince
_xFiction
999 _c102745
_d102745